Doce textos fundamentales de la Ética del siglo XX
Guardado en:
| Autores principales: | , , , , , , , , , |
|---|---|
| Otros Autores: | |
| Formato: | Libro |
| Lenguaje: | español |
| Publicado: |
Madrid
Alianza
2014
|
| Edición: | 2a. ed |
| Colección: | Libro de Bolsillo, F27
|
| Materias: | |
| Etiquetas: |
Agregar Etiqueta
Sin Etiquetas, Sea el primero en etiquetar este registro!
|
MARC
| LEADER | 00000cam a2200000 a 4500 | ||
|---|---|---|---|
| 001 | UCE9963 | ||
| 003 | CL-VaPUC | ||
| 008 | 151112e20140000sp |||||||||||||||||spa|d | ||
| 020 | |a 9788420691220 | ||
| 082 | 0 | 4 | |a 170 |b MOO |2 21 |
| 100 | |a Moore, George Edward |e autor |9 867121 | ||
| 700 | 0 | |a Wittgenstein, Ludwig |e author |9 257080 | |
| 700 | 0 | |a Scheler, Max |e author |9 311258 | |
| 700 | 0 | |a Sartre, Jean-Paul |e author |9 269377 | |
| 700 | 0 | |a Habermas, Jugen |e author |9 582949 | |
| 700 | 0 | |a Rawls, John |e author |9 256003 | |
| 700 | 0 | |a Taylor, Charles |e author |9 445 | |
| 700 | 0 | |a Ricoeur, Paul |e author |9 446 | |
| 700 | |a Foucault, Michel |e author |9 257945 | ||
| 700 | |a Aranguren, José Luis |e author |9 576609 | ||
| 700 | |a Muguerza, Javier |e autor |9 582951 | ||
| 245 | 1 | 0 | |a Doce textos fundamentales de la Ética del siglo XX |
| 250 | |a 2a. ed | ||
| 300 | |a 372 p | ||
| 942 | |c BK | ||
| 945 | |d 20151112 20:22:00 |a dcastane | ||
| 260 | |a Madrid |b Alianza |c 2014 | ||
| 650 | 0 | |a Ética |9 255099 | |
| 650 | 0 | |a Valores morales |9 310604 | |
| 650 | 0 | |a Religión |9 255164 | |
| 650 | 0 | |a Felicidad |9 257029 | |
| 583 | |a last modification |c 20151112 20:22:00 |k Rodrigo Vera | ||
| 490 | 0 | |a Libro de Bolsillo, F27 | |
| 999 | |c 361597 |d 361595 | ||